| 000 | 00363nam a22001217a 4500 | ||
|---|---|---|---|
| 999 |
_c4884 _d4884 |
||
| 008 | 250421b ||||| |||| 00| 0 eng d | ||
| 020 | _a9780544867079 | ||
| 082 | _a813.6 MEI | ||
| 100 |
_aMEIER,ANNA _eAUTHOR |
||
| 245 | _aCURIOSU GEORGE,MUSEUM MYSTERY | ||
| 260 |
_a3 PARK AVENUE,19TH FLOOR,NEW YORK,NEW YORK 10016 _bHOUGHTON MIFFLIN HARCOURT _c2017 |
||
| 942 | _2ddc | ||